La invención de la nación: lecturas de la identidad de Herder a Homi Bhabha

Zapisane w:
Opis bibliograficzny
1. autor: Fernández Bravo, Alvaro (Autor)
Format: Książka
Język:hiszpański
Wydane: Buenos Aires Manantial 2000
Hasła przedmiotowe:
Etykiety: Dodaj etykietę
Nie ma etykietki, Dołącz pierwszą etykiete!

MARC

LEADER 00000nam a2200000 a 4500
001 UCG6814
003 CL-VaPUC
008 110520e20000000AG |||||||||||||||||spa|d
020 |a 9875000574 
082 0 4 |a 320.01  |b FER  |2 21 
100 0 |a Fernández Bravo, Alvaro  |e author  |9 557214 
245 1 3 |a La invención de la nación: lecturas de la identidad de Herder a Homi Bhabha 
300 |a 234 p 
942 |c BK 
945 |d 20110520 00:00:00  |a jcampos 
260 |a Buenos Aires  |b Manantial  |c 2000 
650 7 |a TEORIA POLITICA  |2 CL-VaPUC  |9 557215 
650 7 |a NACION  |2 CL-VaPUC  |9 320308 
650 7 |a CULTURA NACIONAL  |2 CL-VaPUC  |9 529261 
650 7 |a NACIONALISMO  |2 CL-VaPUC  |9 557216 
583 |a last modification  |c 20110520 00:00:00  |k Rodrigo Vera 
999 |c 344945  |d 344943 
952 |0 0  |1 0  |4 0  |6 320_010000000000000_FER_2000  |7 0  |8 A  |9 443311  |a BIBHIS  |b BIBHIS  |d 2019-11-22  |i 4779010  |l 4  |m 3  |o 320.01 FER 2000  |p 4779010  |r 2025-01-20  |s 2023-05-23  |w 2019-11-22  |y BK  |k HIS